000 00237nam a2200097Ia 4500
008 220204s9999 xx 000 0 und d
082 _a633.352
_bCOF
245 0 _aTale of beans in berries
260 _aBangalore
_bCoffee Board
942 _cBK
999 _c22184
_d22184